Daty urodzenia youtuberów. - Statystyki

Ogólne statystyki
  • Ten quiz został rozwiązany 426 razy
  • Średni wynik to 6 z 15
Statystyki odpowiedzi
Zagadnienie Odpowiedź % Poprawnych
Kiedy urodził się ReziGiusz 11 września 1996
64%
Kiedy urodził się Friz. 13 lutego 1996
64%
Kiedy urodził się skkf 26 czerwca 1991
57%
Kiedy urodził się Stuu. 7 stycznia 1992
57%
Kiedy urodził się Kaluch. 18 luty 1998
43%
Kiedy urodził się Blowek. 17 grudnia 1996
36%
Kiedy urodził się Nitro. 29 września 1996
36%
Kiedy urodził się Jaś Dąbrowski 29 września 1996
36%
Kiedy urodził się Boxdel 2 marca 1995
36%
Kiedy urodził się Rojson 9 września 1984
36%
Kiedy urodził się Gimper 17 kwietnia 1994
29%
Kiedy urodził się Mandzio. 19 marca 1996
29%
Kiedy urodził się Naruciak. 3 kwietnia 1998
29%
Kiedy urodził się Remigiusz Rock Maciaszek 1 czerwca 1977
21%
Kiedy urodził się Izak. 2 grudnia 1987
0%
Nie znaleziono quizów pasujących do podanych kryteriów
Rozkład punktacji
Procent ludzi z każdym wynikiem
Percentyl według liczby udzielonych odpowiedzi
Twoja historia wyników
Nie rozwiązałeś tego quizu